Tips for the ethically minded (Record no. 70784)
[ view plain ]
| 000 -LEADER | |
|---|---|
| fixed length control field | 01224cam a2200217 4500 |
| 001 - CONTROL NUMBER | |
| control field | ABS65762 |
| 008 - FIXED-LENGTH DATA ELEMENTS--GENERAL INFORMATION | |
| fixed length control field | 020722n2002 000 0 eng u |
| 035 ## - SYSTEM CONTROL NUMBER | |
| System control number | (Sirsi) u118969 |
| 100 ## - MAIN ENTRY--PERSONAL NAME | |
| Personal name | Gilbertson, B |
| 245 ## - TITLE STATEMENT | |
| Title | Tips for the ethically minded |
| 260 ## - PUBLICATION, DISTRIBUTION, ETC. | |
| Date of publication, distribution, etc. | 2002 |
| 490 ## - SERIES STATEMENT | |
| Series statement | Estates Gazette |
| Volume/sequential designation | (0227) 6 July 2002, 127(1) |
| 520 ## - SUMMARY, ETC. | |
| Summary, etc. | In the wake of the Enron and WorldCom scandals, looks at how RICS is working to provide support for its members in the difficult area of professional ethics. Outlines RICS's nine ethical principles which aim to transcend differences in national legislation and culture: acting with integrity and honesty; being open and transparent in your dealings and accountable for your actions; knowing your limits; setting a good example; being objective; never discriminating against others; and having the courage to make a stand. RICS is looking to consult on these principles and comments can be sent to [email protected] or [email protected] |
| 590 ## - LOCAL NOTE (RLIN) | |
| Local note | ABS |
| 650 ## - SUBJECT ADDED ENTRY--TOPICAL TERM | |
| Topical term or geographic name entry element | PROFESSIONAL ETHICS |
| 650 ## - SUBJECT ADDED ENTRY--TOPICAL TERM | |
| Topical term or geographic name entry element | ABOUT RICS-RICS MEMBERS |
| 650 ## - SUBJECT ADDED ENTRY--TOPICAL TERM | |
| Topical term or geographic name entry element | RICS |
| 650 ## - SUBJECT ADDED ENTRY--TOPICAL TERM | |
| Topical term or geographic name entry element | INTEGRITY |
| 690 ## - LOCAL SUBJECT ADDED ENTRY--TOPICAL TERM (OCLC, RLIN) | |
| Topical term or geographic name as entry element | MANAGEMENT-BUSINESS MANAGEMENT-PROFESSIONAL PRACTICE |
| 942 ## - ADDED ENTRY ELEMENTS (KOHA) | |
| Suppress in OPAC | 0 |
| Withdrawn status | Lost status | Source of classification or shelving scheme | Damaged status | Not for loan | Home library | Current library | Shelving location | Date acquired | Total Checkouts | Full call number | Barcode | Date last seen | Copy number | Price effective from | Koha item type |
|---|---|---|---|---|---|---|---|---|---|---|---|---|---|---|---|
| Dewey Decimal Classification | London | London | Journal article | 22/07/2002 | ABS65762 | 118969-1001 | 06/08/2019 | 1 | 06/08/2019 | Journal article |